Agropecuaria y asentamientos humanos / (Registro nro. 14272)
[ vista simple ]
| 000 -LIDER | |
|---|---|
| fixed length control field | 01078nam a2200301 u 4500 |
| 001 - NÚMERO DE CONTROL | |
| Identificador de número de control | 000020462 |
| 003 - IDENTIFICACDOR DE NÚMERO DE CONTROL | |
| control field | DO-SdBNP |
| 005 - DATE AND TIME OF LATEST TRANSACTION | |
| control field | 20231004135244.0 |
| 008 - ELEMENTOS DE LONGITUD FIJA | |
| fixed length control field | 100813s2016 dr a 000 0 spa d |
| 020 ## - ISBN | |
| International Standard Book Number | 9789945167498 |
| 040 ## - FUENTE DE CATALOGACIÓN | |
| Agencia que crea de manera original el registro | DO-SdBNP |
| Idioma de catalogación | spa |
| Agencia que realiza la transcripción | BPMSU |
| 082 ## - NÚMERO DE CLASIFICACIÓN DECIMAL DE DEWEY | |
| Classification number | 630.97293 |
| Item number | R763a 2016 |
| Edition number | 22 |
| 100 1# - ASIENTO PRINCIPAL -- NOMBRE PERSONAL | |
| Nombre personal | Romero, Santo |
| 100 z# - ASIENTO PRINCIPAL -- NOMBRE PERSONAL | |
| Nombre personal | Santo Romero |
| 245 10 - MENCIÓN DE TITULO | |
| Título | Agropecuaria y asentamientos humanos / |
| Mención de responsabilidad | Santo Romero. |
| 260 ## - PUBLICACIÓN, DISTRIBUCIÓN, ETC. (PIE DE IMPRENTA) | |
| Lugar de publicación, distribución, etc | Santo Domingo, : |
| Nombre del editor, distribuidor, etc. | Editora Búho, |
| Fecha de publicación, distribución, etc | 2016. |
| 300 ## - DESCRIPCIÓN FÍSICA | |
| Extensión | 616 p. : |
| Otros detalles físicos | il. , retrs. ; |
| Dimensiones | 21 cm. |
| 500 ## - NOTA GENERAL | |
| Nota general | Incluye datos biográficos del autor en la contracubierta |
| 504 ## - NOTA DE BIBLIOGRAFÍA, ETC. | |
| Bibliography, etc | Bibliografía : p. 615-616 |
| 590 ## - NOTA LOCAL | |
| Texto de la nota local | La biblioteca posee 3 ajemplares autográfiados por el autor |
| 590 ## - NOTA LOCAL | |
| Texto de la nota local | Inventariado,2023/VM |
| 650 #4 - ENCABEZAMIENTO DE MATERIA--TEMÁTICO | |
| Término temático o nombre geográfico como elemento de entrada | Agricultura |
| Subdivisión temática general | Aspectos económicos |
| Subdivisión geográfica | República Dominicana |
| 650 #4 - ENCABEZAMIENTO DE MATERIA--TEMÁTICO | |
| Término temático o nombre geográfico como elemento de entrada | Asentamientos humanos |
| Subdivisión geográfica | República Dominicana |
| 650 #4 - ENCABEZAMIENTO DE MATERIA--TEMÁTICO | |
| Término temático o nombre geográfico como elemento de entrada | Producción agropecuaria |
| Subdivisión geográfica | República Dominicana |
| 650 #4 - ENCABEZAMIENTO DE MATERIA--TEMÁTICO | |
| Término temático o nombre geográfico como elemento de entrada | Ganadería |
| Subdivisión geográfica | República Dominicana |
| 910 ## - VALIDACIÓN | |
| Validación | VMateo V. Control de calidad BPMSU |
| 942 ## - ADDED ENTRY ELEMENTS (KOHA) | |
| Source of classification or shelving scheme | Dewey Decimal Classification |
| Koha item type | Libros |
| Withdrawn status | Lost status | Source of classification or shelving scheme | Damaged status | Not for loan | Collection code | Home library | Current library | Date acquired | Total Checkouts | Full call number | Barcode | Date last seen | Price effective from | Koha item type |
|---|---|---|---|---|---|---|---|---|---|---|---|---|---|---|
| Dewey Decimal Classification | Colección Dominicana | Biblioteca Pública Metropolitana Salomé Ureña | Biblioteca Pública Metropolitana Salomé Ureña | 09/21/2022 | BPMSU CD 630.97293 R763a 2016 | BPMSU23100002 | 09/21/2022 | 09/21/2022 | Libros |